[Event "POL-chT U19 45th"]
[Site "Maslow Pierwszy"]
[Date "2014.07.29"]
[Round "5"]
[White "Sliwicki, Damian"]
[Black "Poswiatowski, Michal"]
[Result "0-1"]
[WhiteElo "2082"]
[BlackElo "2013"]
[PlyCount "110"]
[EventDate "2014.07.25"]
[EventType "team-tourn"]
[EventRounds "9"]
[EventCountry "POL"]
[SourceTitle "EXT 2015"]
[Source "ChessBase"]
[SourceDate "2014.11.20"]
[SourceVersion "1"]
[SourceVersionDate "2014.11.20"]
[SourceQuality "1"]
[WhiteTeam "Rybnik MKSz U19"]
[BlackTeam "Suwalki Hancza U19"]
[WhiteTeamCountry "POL"]
[BlackTeamCountry "POL"]

1. e4 d6 2. Nc3 Nf6 3. d4 c6 4. f4 Qa5 5. Bd3 e5 6. Nf3 exd4 7. Nxd4 g6 8. 0-0 Bg7 9. Be2 0-0 10. Be3 Re8 11. Bf3 Nbd7 12. Qd2 Qc7 13. Rfe1 Nc5 14. Bf2 Bg4 15. Qe2 Ncxe4 16. Nxe4 Rxe4 17. Qd3 Bxf3 18. Nxf3 d5 19. f5 Rae8 20. fxg6 hxg6 21. Rf1 Ng4 22. Bg3 Qb6+ 23. Kh1 Ne3 24. Rfe1 Nf5 25. Rf1 Nxg3+ 26. hxg3 Bxb2 27. Rab1 Kg7 28. Ng5 Rh8+ 29. Nh3 Qb4 30. Qf3 f5 31. g4 Rxg4 32. Qe3 b6 33. Rxb2 Qxb2 34. Qe7+ Kg8 35. Re1 Re4 36. Rxe4 Rxh3+ 37. gxh3 dxe4 38. Qe8+ Kh7 39. Qxc6 Qxa2 40. Qc7+ Kh6 41. h4 Qa1+ 42. Kh2 Qc1 43. Qd8 Qxc2+ 44. Kh1 Qc1+ 45. Kg2 Kh5 46. Qd6 Qc2+ 47. Kh1 Qf2 48. Qe5 Qxh4+ 49. Kg2 Qg4+ 50. Kh1 Qf3+ 51. Kh2 Kg4 52. Qb2 e3 53. Qa1 e2 54. Qg1+ Kh5 55. Qf1 exf1N+ 0-1

[Event "Lazy Baltic Pearl op 10th"]
[Site "Lazy"]
[Date "2014.07.06"]
[Round "7"]
[White "Poswiatowski, Michal"]
[Black "Madynski, Pawel"]
[Result "1-0"]
[WhiteElo "2013"]
[BlackElo "2086"]
[PlyCount "65"]
[EventDate "2014.06.29"]
[EventType "swiss"]
[EventRounds "9"]
[EventCountry "POL"]
[SourceTitle "CBM 161 Extra"]
[Source "ChessBase"]
[SourceDate "2014.08.29"]
[SourceVersion "1"]
[SourceVersionDate "2014.08.29"]
[SourceQuality "1"]

1. e4 d5 2. exd5 Qxd5 3. Nc3 Qd6 4. d4 Nf6 5. Bd3 a6 6. Nge2 Bg4 7. f3 Bh5 8. Bf4 Qd8 9. Qd2 e6 10. 0-0-0 Bb4 11. h4 Nd5 12. g4 Bg6 13. Bxg6 hxg6 14. Be5 Nc6 15. Bxg7 Rh7 16. Bh6 Nxc3 17. Nxc3 Bxc3 18. Qxc3 Rxh6 19. d5 Rxh4 20. Rxh4 Qxh4 21. dxc6 b6 22. Qg7 Qg5+ 23. Kb1 Qc5 24. Qh8+ Qf8 25. Qxf8+ Kxf8 26. Rd7 Ke8 27. Rxc7 Rd8 28. a4 b5 29. axb5 axb5 30. Ka2 f5 31. Rg7 Rd6 32. Rg8+ Kf7 33. c7 1-0

[Event "Lazy Baltic Pearl op 10th"]
[Site "Lazy"]
[Date "2014.06.29"]
[Round "1"]
[White "Pazderski, Ziemowit"]
[Black "Poswiatowski, Michal"]
[Result "1/2-1/2"]
[WhiteElo "2262"]
[BlackElo "2013"]
[PlyCount "145"]
[EventDate "2014.06.29"]
[EventType "swiss"]
[EventRounds "9"]
[EventCountry "POL"]
[SourceTitle "CBM 161 Extra"]
[Source "ChessBase"]
[SourceDate "2014.08.29"]
[SourceVersion "1"]
[SourceVersionDate "2014.08.29"]
[SourceQuality "1"]

1. c4 g6 2. e4 c5 3. Nf3 Nc6 4. d4 cxd4 5. Nxd4 Nf6 6. Nc3 Bg7 7. Be3 Ng4 8. Qxg4 Nxd4 9. Qd1 Nc6 10. Qd2 0-0 11. Be2 d6 12. 0-0 Be6 13. Rac1 Qa5 14. Rfd1 Rfc8 15. b3 b6 16. h3 Nb4 17. a4 Na6 18. Qc2 Nb4 19. Qd2 Na6 20. Qc2 Nb4 21. Qb2 Rab8 22. Bd2 Qc5 23. Qb1 Qe5 24. Be3 Rb7 25. Bf3 Rbc7 26. Nb5 Rd7 27. Nd4 h5 28. Rd2 Kh7 29. Be2 Bh6 30. Nf3 Qa5 31. Bxh6 Kxh6 32. Rcd1 Rdc7 33. Qc1 Kg7 34. Qc3+ f6 35. Nd4 Bd7 36. Qg3 Qg5 37. Qxg5 fxg5 38. e5 dxe5 39. Nf3 Bf5 40. Nxg5 Kf6 41. Nf3 Bc2 42. Rc1 Bf5 43. Ne1 a6 44. Rcd1 a5 45. Nd3 Bxd3 46. Bxd3 Na6 47. Bc2 Nc5 48. Rd5 Rc6 49. Re1 Re6 50. Re3 Rcc6 51. Bd1 Rcd6 52. Rf3+ Kg7 53. Be2 Rxd5 54. cxd5 Rd6 55. Bc4 Nd7 56. Kf1 Nf6 57. Re3 e4 58. Ke2 Nxd5 59. Bxd5 Rxd5 60. Rxe4 Kf6 61. Ke3 Rg5 62. g3 Rd5 63. Rc4 Rd6 64. Rc8 Ke5 65. f4+ Kd5 66. Re8 Re6+ 67. Kd3 Kc5 68. g4 hxg4 69. hxg4 Kb4 70. Kc2 Re2+ 71. Kd3 Re6 72. Kc2 Re2+ 73. Kd3 1/2-1/2

[Event "Rewal op-B 18th"]
[Site "Rewal"]
[Date "2013.08.24"]
[Round "5"]
[White "Woloch, Oskar"]
[Black "Poswiatowski, Michal"]
[Result "1/2-1/2"]
[WhiteElo "1779"]
[BlackElo "2085"]
[PlyCount "82"]
[EventDate "2013.08.20"]
[EventType "swiss"]
[EventRounds "9"]
[EventCountry "POL"]
[SourceTitle "CBM 156 Extra"]
[Source "ChessBase"]
[SourceDate "2013.10.22"]
[SourceVersion "1"]
[SourceVersionDate "2013.10.22"]
[SourceQuality "1"]

1. e4 c5 2. b3 Nc6 3. Bb2 e6 4. d3 d5 5. Nd2 Nge7 6. f4 d4 7. Ngf3 b6 8. g3 Bb7 9. Bg2 Qc7 10. a3 Ng6 11. Qe2 Be7 12. h4 h5 13. 0-0-0 0-0-0 14. Bh3 Kb8 15. Qf2 b5 16. Rdf1 Ba6 17. Kb1 Qb6 18. Ba1 c4 19. b4 c3 20. Nb3 Bb7 21. Re1 Qa6 22. Nfxd4 Nxd4 23. Nxd4 Qxa3 24. Nb3 Qxb4 25. d4 Bf6 26. d5 exd5 27. e5 Be7 28. f5 Nf8 29. f6 gxf6 30. exf6 Bd6 31. Rd1 Be5 32. Rhe1 Qd6 33. Qe2 Ng6 34. Qxb5 Ka8 35. Re3 Qxf6 36. Bg2 Qc6 37. Qa5 Rhe8 38. Rde1 Qb6 39. Bxc3 f6 40. Qa2 Qb5 41. Bf1 Qc6 1/2-1/2

[Event "Rewal op-B 18th"]
[Site "Rewal"]
[Date "2013.08.22"]
[Round "3"]
[White "Poswiatowski, Michal"]
[Black "Patola, Eero"]
[Result "1/2-1/2"]
[WhiteElo "2085"]
[BlackElo "1947"]
[PlyCount "49"]
[EventDate "2013.08.20"]
[EventType "swiss"]
[EventRounds "9"]
[EventCountry "POL"]
[SourceTitle "CBM 156 Extra"]
[Source "ChessBase"]
[SourceDate "2013.10.22"]
[SourceVersion "1"]
[SourceVersionDate "2013.10.22"]
[SourceQuality "1"]

1. e4 c5 2. Nf3 e6 3. d4 cxd4 4. Nxd4 a6 5. Be3 Nf6 6. Bd3 Qc7 7. c4 Bb4+ 8. Nd2 0-0 9. Rc1 Nc6 10. 0-0 d6 11. N2b3 Bd7 12. a3 Bc5 13. Nxc5 dxc5 14. Nxc6 Bxc6 15. Bxc5 Rfd8 16. Qe2 Bxe4 17. Bxe4 Nxe4 18. Bb4 Qc6 19. Rfe1 Nc5 20. Rcd1 Rac8 21. h3 h6 22. Rxd8+ Rxd8 23. Rd1 Rxd1+ 24. Qxd1 Nd7 25. b3 1/2-1/2

[Event "Rewal op-B 18th"]
[Site "Rewal"]
[Date "2013.08.21"]
[Round "2"]
[White "Maczka, Miroslawa"]
[Black "Poswiatowski, Michal"]
[Result "0-1"]
[WhiteElo "1563"]
[BlackElo "2085"]
[PlyCount "54"]
[EventDate "2013.08.20"]
[EventType "swiss"]
[EventRounds "9"]
[EventCountry "POL"]
[SourceTitle "CBM 156 Extra"]
[Source "ChessBase"]
[SourceDate "2013.10.22"]
[SourceVersion "1"]
[SourceVersionDate "2013.10.22"]
[SourceQuality "1"]

1. c4 c5 2. Nc3 g6 3. g3 Bg7 4. Bg2 Nh6 5. d3 0-0 6. Bd2 Nc6 7. Nf3 Nf5 8. 0-0 e6 9. Rb1 d5 10. a3 a5 11. Nb5 d4 12. b4 axb4 13. axb4 cxb4 14. Bxb4 Nxb4 15. Rxb4 Bd7 16. Nd2 Bc6 17. Ne4 h5 18. Qc2 Qe7 19. c5 b6 20. Rc1 Ra5 21. Rcb1 bxc5 22. Nxc5 Bxg2 23. Kxg2 h4 24. Ne4 Rb8 25. Qc7 Qd8 26. g4 h3+ 27. Kh1 Qxc7 0-1

[Event "Olsztyn op U18 blitz"]
[Site "Olsztyn"]
[Date "2013.08.04"]
[Round "17"]
[White "Poswiatowski, Michal"]
[Black "Lewtak, Damian"]
[Result "0-1"]
[WhiteElo "2085"]
[BlackElo "2265"]
[PlyCount "84"]
[EventDate "2013.08.03"]
[EventType "swiss (blitz)"]
[EventRounds "22"]
[EventCountry "POL"]
[SourceTitle "CBM 155 Extra"]
[Source "ChessBase"]
[SourceDate "2013.08.26"]
[SourceVersion "1"]
[SourceVersionDate "2013.08.26"]
[SourceQuality "1"]

1. e4 c5 2. Nf3 d6 3. d4 cxd4 4. Nxd4 Nf6 5. Nc3 Bd7 6. Bg5 e6 7. Qd2 a6 8. f4 b5 9. e5 dxe5 10. fxe5 h6 11. Bxf6 gxf6 12. exf6 Qxf6 13. 0-0-0 Qg5 14. Nf3 Qxd2+ 15. Rxd2 Bg7 16. Ne4 Ke7 17. Nc5 Bc6 18. Nd4 Rd8 19. Nxc6+ Nxc6 20. Nb3 Ne5 21. Bd3 Nxd3+ 22. Rxd3 Rxd3 23. cxd3 Rc8+ 24. Kb1 f5 25. Rc1 Rxc1+ 26. Kxc1 Kd6 27. Kc2 Kd5 28. Na5 e5 29. b3 e4 30. dxe4+ fxe4 31. a4 bxa4 32. bxa4 Be5 33. h3 Bf4 34. Nb3 Kc4 35. Nc1 Kb4 36. Ne2 Be5 37. Kd2 Kxa4 38. Ke3 Kb3 39. Kxe4 Bb2 40. g4 a5 41. Nf4 a4 42. Nd3 a3 0-1

[Event "Lazy Baltic Pearl op 09th"]
[Site "Lazy"]
[Date "2013.07.08"]
[Round "9"]
[White "Poswiatowski, Michal"]
[Black "Eggink, Ryszard"]
[Result "0-1"]
[WhiteElo "2067"]
[BlackElo "2121"]
[PlyCount "82"]
[EventDate "2013.06.30"]
[EventType "swiss"]
[EventRounds "9"]
[EventCountry "POL"]
[SourceTitle "CBM 155 Extra"]
[Source "ChessBase"]
[SourceDate "2013.08.26"]
[SourceVersion "1"]
[SourceVersionDate "2013.08.26"]
[SourceQuality "1"]

1. e4 c5 2. Nf3 d6 3. Bb5+ Bd7 4. Bxd7+ Nxd7 5. 0-0 Ngf6 6. Qe2 g6 7. c3 Bg7 8. d4 0-0 9. Re1 Ne8 10. Nbd2 Nc7 11. b4 cxb4 12. cxb4 b5 13. Nb3 Nb6 14. Bb2 Nc4 15. Bc3 Ne6 16. g3 Rc8 17. Rac1 Bh6 18. Nfd2 d5 19. f4 dxe4 20. Qxe4 Nxd2 21. Bxd2 Rc4 22. Be3 Rxb4 23. Qb7 Bg7 24. Red1 Rc4 25. Qxb5 Rxc1 26. Bxc1 Nxd4 27. Qd3 Nc6 28. Qf3 Qc7 29. Be3 Nb4 30. Qf2 a6 31. Bc5 Nc6 32. Qe2 a5 33. Qa6 Rb8 34. Rc1 Nd4 35. Nxa5 Rb2 36. Qa8+ Bf8 37. Rc4 Ne2+ 38. Kf1 Qd7 39. Bd4 Nxd4 40. Rc8 Qh3+ 41. Ke1 Ne6 0-1

[Event "Lazy Baltic Pearl op 09th"]
[Site "Lazy"]
[Date "2013.07.07"]
[Round "8.12"]
[White "Bednarska Bzdega, Malgorzata"]
[Black "Poswiatowski, Michal"]
[Result "0-1"]
[WhiteElo "2115"]
[BlackElo "2067"]
[PlyCount "74"]
[EventDate "2013.06.30"]
[EventType "swiss"]
[EventRounds "9"]
[EventCountry "POL"]
[SourceTitle "EXT 2023"]
[Source "ChessBase"]
[SourceDate "2022.10.05"]
[SourceVersion "1"]
[SourceVersionDate "2022.10.05"]
[SourceQuality "1"]

1. e4 g6 2. d4 Bg7 3. Nc3 c5 4. Nf3 cxd4 5. Nxd4 Nc6 6. Be3 d6 7. h4 Nf6 8. Be2 h5 9. Qd2 Ne5 10. Bg5 Bd7 11. 0-0-0 Rc8 12. Kb1 a6 13. Rhf1 b5 14. f4 Neg4 15. e5 dxe5 16. fxe5 Nxe5 17. Qf4 Ng8 18. Ne4 Qc7 19. Qe3 f5 20. Nc3 Qc5 21. Rd2 Nf6 22. Qg3 Neg4 23. Rfd1 b4 24. Bxf6 Bxf6 25. Nb3 Qe3 26. Qe1 bxc3 27. Rxd7 cxb2 28. R7d3 Qb6 29. Bxg4 hxg4 30. g3 Kf7 31. Qd2 Rc4 32. Rd7 Rhc8 33. h5 Rxc2 34. Qd5+ Kg7 35. h6+ Kxh6 36. Rh1+ Kg7 37. Rxe7+ Bxe7 0-1

[Event "Suwalki Pacstwowej Cup"]
[Site "Suwalki"]
[Date "2013.07.??"]
[Round "5.2"]
[White "Poswiatowski, Michal"]
[Black "Barmuta, Bartosz"]
[Result "1/2-1/2"]
[WhiteElo "2067"]
[BlackElo "1553"]
[PlyCount "74"]
[EventDate "2013.07.14"]
[EventType "swiss"]
[EventRounds "9"]
[EventCountry "POL"]
[SourceTitle "EXT 2023"]
[Source "ChessBase"]
[SourceDate "2022.10.05"]
[SourceVersion "1"]
[SourceVersionDate "2022.10.05"]
[SourceQuality "1"]

1. e4 c5 2. Nf3 d6 3. d4 cxd4 4. Nxd4 Nf6 5. Nc3 g6 6. Be3 Bg7 7. f3 0-0 8. Qd2 Nc6 9. 0-0-0 Nxd4 10. Bxd4 Be6 11. Kb1 Rc8 12. h4 a6 13. h5 b5 14. hxg6 fxg6 15. Nd5 Rf7 16. g4 Qe8 17. Bh3 Nxd5 18. Bxg7 Rxg7 19. exd5 Bd7 20. f4 Qf7 21. Rhe1 Rc4 22. Rf1 h5 23. Qe2 Rxf4 24. Qe3 Rxf1 25. Rxf1 Qxd5 26. Qa7 Bxg4 27. Bxg4 hxg4 28. Qxa6 Rf7 29. Re1 Kg7 30. Qc8 Qf5 31. Qc3+ Qf6 32. Qd3 e5 33. Rd1 Rd7 34. Qxb5 Rf7 35. Qd3 Rd7 36. Qb5 Rf7 37. Qd3 Rd7 1/2-1/2

[Event "Suwalki Pacstwowej Cup"]
[Site "Suwalki"]
[Date "2013.07.??"]
[Round "1.2"]
[White "Poswiatowski, Michal"]
[Black "Klimaszewski, Krzysztof"]
[Result "1-0"]
[WhiteElo "2067"]
[BlackElo "1573"]
[PlyCount "52"]
[EventDate "2013.07.14"]
[EventType "swiss"]
[EventRounds "9"]
[EventCountry "POL"]
[SourceTitle "EXT 2023"]
[Source "ChessBase"]
[SourceDate "2022.10.05"]
[SourceVersion "1"]
[SourceVersionDate "2022.10.05"]
[SourceQuality "1"]

1. e4 c6 2. d4 d5 3. Nc3 dxe4 4. Nxe4 Nd7 5. Bd3 Ngf6 6. c3 Nxe4 7. Bxe4 Nf6 8. Bc2 Qd5 9. f3 Bf5 10. Bb3 Qb5 11. Ne2 e6 12. Bf4 0-0-0 13. a4 Qb6 14. a5 Qa6 15. 0-0 Nd5 16. Bd2 Bd6 17. c4 Nf6 18. Be3 Rd7 19. Qc1 Bd3 20. Rf2 Rhd8 21. Qc2 Bb4 22. c5 b5 23. cxb6 axb6 24. d5 bxa5 25. dxe6 Re7 26. exf7 Rxe3 1-0

[Event "Gora Sw Anny op-A 6th"]
[Site "Gora Sw Anny"]
[Date "2013.02.02"]
[Round "9"]
[White "Rozycki, Bartlomiej"]
[Black "Poswiatowski, Michal"]
[Result "1/2-1/2"]
[WhiteElo "2011"]
[BlackElo "2029"]
[PlyCount "60"]
[EventDate "2013.01.26"]
[EventType "swiss"]
[EventRounds "10"]
[EventCountry "POL"]
[SourceTitle "CBM 152 Extra"]
[Source "ChessBase"]
[SourceDate "2013.02.25"]
[SourceVersion "1"]
[SourceVersionDate "2013.02.25"]
[SourceQuality "1"]

1. e4 c5 2. Nf3 Nc6 3. Bb5 g6 4. Bxc6 dxc6 5. h3 Bg7 6. d3 Nf6 7. 0-0 0-0 8. Nc3 b5 9. Be3 c4 10. Nd4 Qc7 11. f4 Rd8 12. e5 Nd5 13. Nxd5 Rxd5 14. dxc4 bxc4 15. Qe2 Ba6 16. c3 Rad8 17. Rfd1 c5 18. Nf3 e6 19. Rd2 Qa5 20. Rad1 Bf8 21. a3 Qa4 22. Rxd5 exd5 23. Qe1 Bc8 24. g4 d4 25. cxd4 Bb7 26. Qe2 Qb3 27. d5 Bxd5 28. Re1 Bxf3 29. Qxf3 Qxb2 30. Qe4 Qc3 1/2-1/2

[Event "Gora Sw Anny op-A 6th"]
[Site "Gora Sw Anny"]
[Date "2013.02.01"]
[Round "8"]
[White "Dobrowolski, Piotr"]
[Black "Poswiatowski, Michal"]
[Result "1-0"]
[WhiteElo "2417"]
[BlackElo "2029"]
[PlyCount "85"]
[EventDate "2013.01.26"]
[EventType "swiss"]
[EventRounds "10"]
[EventCountry "POL"]
[SourceTitle "CBM 152 Extra"]
[Source "ChessBase"]
[SourceDate "2013.02.25"]
[SourceVersion "1"]
[SourceVersionDate "2013.02.25"]
[SourceQuality "1"]

1. Nf3 d5 2. c4 e6 3. e3 Nf6 4. b3 b6 5. Bb2 Nbd7 6. Qc2 Bb7 7. Be2 c5 8. 0-0 Rc8 9. Nc3 Bd6 10. cxd5 exd5 11. Qf5 0-0 12. d4 g6 13. Qh3 Qe7 14. Rfd1 Rfd8 15. Rac1 Bb8 16. Qh4 h5 17. Qg5 Qe6 18. h3 a6 19. Qh6 Bd6 20. dxc5 bxc5 21. Qg5 Be7 22. Qf4 Bd6 23. Qh4 Be7 24. Qa4 Qb6 25. Ba1 Nb8 26. Qf4 Qc7 27. Ne5 Bd6 28. Nb5 axb5 29. Qxf6 Qe7 30. Qxe7 Bxe7 31. Bxb5 Ba6 32. Bxa6 Nxa6 33. Nd3 c4 34. bxc4 dxc4 35. Nf4 Rxd1+ 36. Rxd1 c3 37. Bxc3 Rxc3 38. Nd5 Bb4 39. Nxc3 Bxc3 40. a4 Kf8 41. Rd6 Nc5 42. Rc6 Bb4 43. a5 1-0

[Event "Gora Sw Anny op-A 6th"]
[Site "Gora Sw Anny"]
[Date "2013.01.27"]
[Round "3"]
[White "Poswiatowski, Michal"]
[Black "Wisniewski, Michal"]
[Result "1-0"]
[WhiteElo "2029"]
[BlackElo "1836"]
[PlyCount "85"]
[EventDate "2013.01.26"]
[EventType "swiss"]
[EventRounds "10"]
[EventCountry "POL"]
[SourceTitle "CBM 152 Extra"]
[Source "ChessBase"]
[SourceDate "2013.02.25"]
[SourceVersion "1"]
[SourceVersionDate "2013.02.25"]
[SourceQuality "1"]

1. e4 e6 2. d4 d5 3. Nc3 Bb4 4. e5 c5 5. a3 Bxc3+ 6. bxc3 Ne7 7. Qg4 cxd4 8. Qxg7 Rg8 9. Qxh7 Qc7 10. Ne2 Nbc6 11. f4 Bd7 12. Qd3 dxc3 13. Nxc3 a6 14. h3 Rc8 15. Bd2 Na5 16. g4 Nc4 17. Bg2 Nb2 18. Qe2 Nc6 19. Bxd5 Nd4 20. Qe4 Na4 21. Qxd4 Nxc3 22. Qxc3 Qd8 23. Qg3 exd5 24. c3 Rc4 25. 0-0 Qc8 26. Kf2 Bxg4 27. hxg4 Rxg4 28. Qf3 Qc5+ 29. Be3 d4 30. Qxg4 dxe3+ 31. Kg2 Qd5+ 32. Kg1 e2 33. Qxe2 Rxc3 34. Rad1 Qe6 35. Rf2 Rg3+ 36. Rg2 Qb6+ 37. Qf2 Qxf2+ 38. Kxf2 Rxa3 39. Rg8+ Ke7 40. Rd6 Ra5 41. Rb6 Rb5 42. Rxb5 axb5 43. Rb8 1-0

[Event "POL-ch U18"]
[Site "Szczyrk"]
[Date "2013.??.??"]
[Round "1"]
[White "Poswiatowski, Michal"]
[Black "Worobiej, Daniel"]
[Result "1-0"]
[WhiteElo "2076"]
[BlackElo "1859"]
[PlyCount "75"]
[EventDate "2013.03.17"]
[EventType "swiss"]
[EventRounds "9"]
[EventCountry "POL"]
[SourceTitle "CBM 153 Extra"]
[Source "ChessBase"]
[SourceDate "2013.04.22"]
[SourceVersion "1"]
[SourceVersionDate "2013.04.22"]
[SourceQuality "1"]

1. e4 e5 2. Nf3 Nc6 3. Bb5 a6 4. Ba4 Nf6 5. Bxc6 dxc6 6. d3 Bd6 7. Nbd2 0-0 8. Nc4 Re8 9. 0-0 c5 10. a4 b6 11. b3 Bg4 12. Bg5 h6 13. Bh4 Re6 14. Ne3 Bh5 15. h3 g5 16. Bg3 Bg6 17. Re1 Nh5 18. Ng4 Nxg3 19. fxg3 Kg7 20. Ne3 c6 21. g4 Bc7 22. Nh2 b5 23. Nf5+ Bxf5 24. gxf5 Re8 25. Qh5 Rh8 26. Ng4 c4 27. f6+ Kf8 28. Rf1 Ra7 29. Nxh6 Bb6+ 30. Kh1 Be3 31. Nxf7 Rxh5 32. Nxd8 cxd3 33. cxd3 g4 34. Nxc6 Rc7 35. axb5 g3 36. Rxa6 Rd7 37. Ra8+ Kf7 38. Nd8+ 1-0

[Event "Rewal op-A 17th"]
[Site "Rewal"]
[Date "2012.08.25"]
[Round "5"]
[White "Poswiatowski, Michal"]
[Black "Karwowski, Kacper"]
[Result "1/2-1/2"]
[WhiteElo "2008"]
[BlackElo "1864"]
[PlyCount "47"]
[EventDate "2012.08.20"]
[EventType "swiss"]
[EventRounds "9"]
[EventCountry "POL"]
[SourceTitle "CBM 150 Extra"]
[Source "ChessBase"]
[SourceDate "2012.10.19"]
[SourceVersion "1"]
[SourceVersionDate "2012.10.19"]
[SourceQuality "1"]

1. e4 c5 2. Nf3 Nc6 3. d4 cxd4 4. Nxd4 e6 5. Nc3 a6 6. Be3 Qc7 7. Bd3 Nf6 8. 0-0 h5 9. h3 Bd6 10. Qd2 Nxd4 11. Bxd4 Bh2+ 12. Kh1 Bf4 13. Be3 Bxe3 14. Qxe3 Ng4 15. Qg3 Qxg3 16. fxg3 Ne5 17. Na4 d6 18. Nb6 Rb8 19. a4 Bd7 20. a5 Bc6 21. Kg1 Ke7 22. Rfe1 g6 23. Nc4 Nxc4 24. Bxc4 1/2-1/2

[Event "Rewal op-A 17th"]
[Site "Rewal"]
[Date "2012.08.22"]
[Round "2"]
[White "Malinowski, Damian"]
[Black "Poswiatowski, Michal"]
[Result "0-1"]
[WhiteElo "1827"]
[BlackElo "2008"]
[PlyCount "65"]
[EventDate "2012.08.20"]
[EventType "swiss"]
[EventRounds "9"]
[EventCountry "POL"]
[SourceTitle "CBM 150 Extra"]
[Source "ChessBase"]
[SourceDate "2012.10.19"]
[SourceVersion "1"]
[SourceVersionDate "2012.10.19"]
[SourceQuality "1"]

1. c4 Nf6 2. g3 e5 3. Bg2 Nc6 4. Nc3 Bb4 5. Nd5 0-0 6. Nxb4 Nxb4 7. d3 d5 8. a3 Nc6 9. cxd5 Nxd5 10. Nf3 Be6 11. d4 e4 12. Ng5 e3 13. f4 Qf6 14. Nxe6 fxe6 15. 0-0 Qxd4 16. Bxd5 exd5 17. Qxd4 Nxd4 18. Bxe3 Nc2 19. Bc5 Nxa1 20. Bxf8 Nb3 21. Bb4 c5 22. Be1 Re8 23. Rf2 Kf7 24. Kf1 d4 25. Rg2 Re4 26. Rf2 Ke6 27. f5+ Kf6 28. Rf3 c4 29. h3 h5 30. Rf2 a5 31. Rf3 b6 32. Rf2 Ke5 33. Rf3 0-1

[Event "Bialystok Zamenhof Memorial"]
[Site "Bialystok"]
[Date "2011.12.30"]
[Round "8"]
[White "Sowul, Bartosz"]
[Black "Poswiatowski, Michal"]
[Result "1-0"]
[WhiteElo "2196"]
[BlackElo "1942"]
[PlyCount "65"]
[EventDate "2011.12.27"]
[EventType "swiss"]
[EventRounds "9"]
[EventCountry "POL"]
[SourceTitle "CBM 146 Extra"]
[Source "ChessBase"]
[SourceDate "2012.02.29"]
[SourceVersion "1"]
[SourceVersionDate "2012.02.29"]
[SourceQuality "1"]

1. e4 c5 2. Nf3 d6 3. d4 cxd4 4. Nxd4 Nf6 5. Nc3 Nc6 6. Bg5 h6 7. Bxf6 gxf6 8. Qd2 a6 9. 0-0-0 Bd7 10. Kb1 e6 11. f4 Qc7 12. Be2 h5 13. Rhf1 Be7 14. Rf3 0-0-0 15. Nxc6 Bxc6 16. Nd5 Bxd5 17. exd5 Kd7 18. dxe6+ fxe6 19. f5 Qc5 20. fxe6+ Kxe6 21. Rc3 Qg5 22. Bc4+ d5 23. Qxg5 fxg5 24. Re3+ Kf7 25. Rxd5 Ke8 26. a4 Rc8 27. Bd3 Rg8 28. Be2 Rg7 29. Bxh5+ Kf8 30. Rf5+ Kg8 31. Bf3 Rf8 32. Be4 Kh8 33. Bd5 1-0

[Event "Bialystok Zamenhof Memorial"]
[Site "Bialystok"]
[Date "2011.12.29"]
[Round "5"]
[White "Borawski, Jakub"]
[Black "Poswiatowski, Michal"]
[Result "1/2-1/2"]
[WhiteElo "1921"]
[BlackElo "1942"]
[PlyCount "42"]
[EventDate "2011.12.27"]
[EventType "swiss"]
[EventRounds "9"]
[EventCountry "POL"]
[SourceTitle "CBM 146 Extra"]
[Source "ChessBase"]
[SourceDate "2012.02.29"]
[SourceVersion "1"]
[SourceVersionDate "2012.02.29"]
[SourceQuality "1"]

1. e4 c5 2. Nf3 d6 3. d4 cxd4 4. Nxd4 Nf6 5. Nc3 Nc6 6. h3 g6 7. Be3 Bg7 8. g4 0-0 9. Bg2 Bd7 10. g5 Ne8 11. Qd2 Qa5 12. f4 Bxd4 13. Bxd4 b5 14. Be3 Rc8 15. Bf3 Nb4 16. h4 d5 17. h5 Nxc2+ 18. Qxc2 b4 19. Bd4 bxc3 20. bxc3 dxe4 21. Bxe4 Bf5 1/2-1/2